[Event "Timisoara zt-A (Women)"]
[Site "Timisoara"]
[Date "1993.??.??"]
[Round "8"]
[White "Krupkova, Petra"]
[Black "Peptan, Corina"]
[Result "1/2-1/2"]
[WhiteElo "2210"]
[BlackElo "2355"]

1.d4 Nf6 2.c4 g6 3.Nc3 d5 4.cxd5 Nxd5 5.e4 Nxc3 6.bxc3 Bg7 7.Bb5+ c6 8.Ba4 O-O
9.Ne2 c5 10.O-O cxd4 11.cxd4 Bg4 12.f3 Be6 13.Rb1 Bxa2 14.Rxb7 Bc4 15.Be3 Qc8
16.Rb2 Nc6 17.Re1 Rd8 18.Bxc6 Qxc6 19.d5 Qd7 20.Bd4 Bh6 21.Nc3 Bf4 22.Qa1 Rdc8
23.g3 Bd6 24.Kg2 e5 25.Bf2 Bd3 26.Rd2 Bc4 27.Rb1 h5 28.Na4 Bb5 29.Nc3 Bc4
30.Na4 Kh7 31.Rdb2 Bd3 32.Rb7 Rc7 33.Rxc7 Qxc7 34.Rb3 Bc4 35.Rc3 Bb4 36.Rxc4 Qxc4
37.Nb6 Bc3 38.Qa3 axb6 39.Qxa8 Qe2 40.Qf8 Bd4 41.Qxf7+  1/2-1/2

[Event "SVK-ch"]
[Site "Topolcianky"]
[Date "1993.??.??"]
[Round "6"]
[White "Debnar, Lubos"]
[Black "Koval, David W"]
[Result "1/2-1/2"]
[WhiteElo "2270"]
[BlackElo "2245"]

1.d4 Nf6 2.c4 g6 3.Nc3 d5 4.cxd5 Nxd5 5.e4 Nxc3 6.bxc3 Bg7 7.Bc4 O-O 8.Ne2 c5
9.O-O Nc6 10.Be3 cxd4 11.cxd4 Bd7 12.Rb1 b6 13.Qd2 e6 14.Bh6 Na5 15.Bd3 Qe7
16.Bxg7 Kxg7  1/2-1/2

[Event "Toronto Class op"]
[Site "Toronto"]
[Date "1993.??.??"]
[Round "2"]
[White "Southam, Todd"]
[Black "McTavish, David"]
[Result "1/2-1/2"]
[WhiteElo "2325"]
[BlackElo "2180"]

1.d4 Nf6 2.c4 g6 3.Nc3 d5 4.cxd5 Nxd5 5.e4 Nxc3 6.bxc3 Bg7 7.Bc4 c5 8.Ne2 O-O
9.O-O Nc6 10.Be3 Qc7 11.Rb1 Rd8 12.Bf4 Qd7 13.d5 Qe8 14.Bc7 Rd7 15.Bg3 Rd8
16.Bc7 Rd7 17.Bg3 Rd8 18.Bc7  1/2-1/2

[Event "Toulouse-ch"]
[Site "Toulouse"]
[Date "1993.??.??"]
[Round "2"]
[White "Belotti, Bruno"]
[Black "Kleinplatz, Sam"]
[Result "1-0"]
[WhiteElo "2410"]
[BlackElo "2355"]

1.d4 Nf6 2.c4 g6 3.Nc3 d5 4.cxd5 Nxd5 5.e4 Nxc3 6.bxc3 Bg7 7.Bc4 c5 8.Ne2 Nc6
9.Be3 O-O 10.Rc1 Qa5 11.O-O b5 12.Bd5 Qc7 13.dxc5 Rb8 14.Bxc6 Qxc6 15.f3 Be6
16.Qc2 Bc4 17.Rfd1 Rfd8 18.Rd2 e5 19.Rcd1 Rxd2 20.Qxd2 Bf8 21.Nd4 exd4 22.cxd4 Rd8
23.Qa5 Rd7 24.Rc1 Qc8 25.a4 a6 26.Qb6 Qd8 27.Qxd8 Rxd8 28.d5 Rc8 29.c6 Ba3
30.Ra1 Bb2 31.Rb1 Bc3 32.axb5 axb5 33.Bc5 f5 34.Rc1 Bf6 35.Rd1 Kf7 36.Kf2 Be5
37.g3 f4 38.gxf4 Bxf4 39.Ra1 Bxh2 40.Rh1 Be5 41.Rxh7+ Kg8 42.Re7 Bf4 43.Be3 Kf8
44.Rd7 g5 45.Bxf4 gxf4 46.c7 Ke8 47.Rh7 b4 48.d6 Bf7 49.Rxf7 Kxf7 50.d7 Rxc7
51.d8=Q Rc2+ 52.Ke1 Rc3 53.Qd7+  1-0

[Event "Ufa"]
[Site "Ufa"]
[Date "1993.??.??"]
[Round "?"]
[White "Annakov, Babakuli"]
[Black "Voloshin, Leonid"]
[Result "1-0"]
[WhiteElo "2350"]
[BlackElo "2420"]

1.d4 Nf6 2.c4 g6 3.Nc3 d5 4.cxd5 Nxd5 5.e4 Nxc3 6.bxc3 Bg7 7.Bc4 O-O 8.Ne2 c5
9.O-O Nc6 10.Be3 cxd4 11.cxd4 Na5 12.Bd3 Be6 13.Rc1 Bxa2 14.Qa4 Be6 15.d5 Bd7
16.Qb4 e6 17.Nc3 exd5 18.Nxd5 b6 19.Ba6 Re8 20.Rfd1 Nc6 21.Qd2 Ne5 22.Nc7 Bg4
23.Bg5 Bf6 24.Bxf6 Qxf6 25.Nxe8 Rxe8 26.f3 Bxf3 27.Rf1 b5 28.Bc8 Qb6+ 29.Kh1 Bxe4
30.Qf4 f5 31.Qg5 Kg7 32.Qg3 Kf6 33.Bd7 Re7 34.Qh4+ g5 35.Qxe4  1-0

[Event "Ufa"]
[Site "Ufa"]
[Date "1993.??.??"]
[Round "?"]
[White "Annakov, Babakuli"]
[Black "Yandemirov, Valeri"]
[Result "1-0"]
[WhiteElo "2350"]
[BlackElo "2465"]

1.d4 Nf6 2.c4 g6 3.Nc3 d5 4.cxd5 Nxd5 5.e4 Nxc3 6.bxc3 Bg7 7.Bc4 O-O 8.Ne2 Nc6
9.O-O Na5 10.Bd3 b6 11.Be3 Bb7 12.Qd2 Re8 13.Rad1 Qd7 14.Bh6 Bh8 15.Qg5 e5
16.dxe5 Rxe5 17.Qg3 Qa4 18.Bf4 Ree8 19.Nd4 Nc4 20.e5 c5 21.Bxc4 Qxc4 22.Nf5 Qe6
23.Nh6+ Kf8 24.Rd6 Qxa2 25.Qh4 Qc4 26.Rd7 Bd5 27.Nxf7 Rxe5 28.Nxe5  1-0

[Event "USA-chT Amateur"]
[Site "?"]
[Date "1993.??.??"]
[Round "?"]
[White "Colias, Billy"]
[Black "Martinovsky, Eugene"]
[Result "0-1"]
[WhiteElo "2300"]
[BlackElo "2280"]

1.d4 Nf6 2.c4 g6 3.Nc3 d5 4.cxd5 Nxd5 5.e4 Nxc3 6.bxc3 Bg7 7.Bc4 O-O 8.Ne2 Nc6
9.O-O b6 10.Bg5 Na5 11.Bd3 Qd7 12.Rc1 c5 13.d5 c4 14.Bb1 e5 15.Qd2 Nb7 16.Bh6 f6
17.Bxg7 Qxg7 18.f4 Qh6 19.Rf2 Nd6 20.Qb2 Bg4 21.Rcf1 Nf7 22.h3 Bd7 23.f5 gxf5
24.exf5 Kh8 25.Kh2 Rg8 26.Qb4 e4 27.Bxe4 Rae8 28.Rf4 Bxf5 29.Bxf5 Rxe2 30.Bg4 Rxa2
31.Qe7 Ne5 32.Kg1 Ra1 33.Rxa1 Qxf4 34.Rf1 Qe3+ 35.Kh1 Nxg4 36.d6 Nf2+ 37.Kh2 Qg3+  0-1

[Event "UZB-ch"]
[Site "?"]
[Date "1993.??.??"]
[Round "6"]
[White "Grinshpun, Eduard"]
[Black "Vakhidov, Tahir"]
[Result "1/2-1/2"]
[WhiteElo "2400"]
[BlackElo "2455"]

1.d4 Nf6 2.c4 g6 3.Nc3 d5 4.cxd5 Nxd5 5.e4 Nxc3 6.bxc3 Bg7 7.Nf3 c5 8.Rb1 O-O
9.Be2 cxd4 10.cxd4 Bg4 11.Rxb7 Bxf3 12.Bxf3 Bxd4 13.O-O Nc6 14.Qa4 Qd6 15.Bb2  1/2-1/2

[Event "Val Thorens Principal"]
[Site "Val Thorens"]
[Date "1993.??.??"]
[Round "4"]
[White "Szabolcsi, Janos"]
[Black "Magnier, Herve"]
[Result "1-0"]
[WhiteElo "2385"]
[BlackElo "2215"]

1.d4 Nf6 2.c4 g6 3.Nc3 d5 4.cxd5 Nxd5 5.e4 Nxc3 6.bxc3 Bg7 7.Bb5+ c6 8.Ba4 b5
9.Bb3 O-O 10.Ne2 Bb7 11.O-O Nd7 12.e5 c5 13.Nf4 e6 14.Qg4 Nb6 15.Rd1 Qc7
16.h4 Nd5 17.Bxd5 Bxd5 18.Nxd5 exd5 19.h5 cxd4 20.cxd4 Rfc8 21.hxg6 hxg6
22.Bg5 Qc6 23.Rd3 f5 24.exf6 Bxf6 25.Rc1 Qa6 26.Rxc8+ Rxc8 27.Ra3 Qxa3 28.Qxc8+ Kf7
29.Qd7+ Qe7 30.Qxd5+ Kg7 31.Be3 b4 32.Qa5 Qf7 33.d5 a6 34.d6 Bc3 35.Qxa6 b3
36.axb3 Qxb3 37.Qd3 Qb4 38.d7 Bf6 39.d8=Q  1-0

[Event "Val Thorens Principal"]
[Site "Val Thorens"]
[Date "1993.??.??"]
[Round "6"]
[White "Cohen, Aron"]
[Black "Magnier, Herve"]
[Result "1-0"]
[WhiteElo "1870"]
[BlackElo "2215"]

1.d4 Nf6 2.c4 g6 3.Nc3 d5 4.cxd5 Nxd5 5.e4 Nxc3 6.bxc3 Bg7 7.Bc4 c5 8.Be3 O-O
9.Ne2 Nc6 10.O-O Qc7 11.Rc1 Rd8 12.f4 e6 13.Kh1 b6 14.Qe1 Na5 15.Bd3 f5 16.Ng1 Bb7
17.exf5 exf5 18.Nf3 Qe7 19.Ne5 Qe6 20.Qf2 Rac8 21.h3 cxd4 22.cxd4 Bd5 23.Ba6 Bb7
24.Qe2 Qd5 25.a4 Bxa6 26.Qxa6 Qb7 27.Qxb7 Nxb7 28.Nc6 Rxc6 29.Rxc6 Rd7 30.Rfc1 Kf7
31.Rc7 Ke7 32.Kg1 Nd6 33.Kf1 Kd8 34.Rxd7+ Kxd7 35.Ke2 a6 36.d5 b5 37.Rc6 bxa4
38.Rxa6 Nb5 39.Kd3 a3 40.Ra5 Bc3 41.Rxb5 a2 42.Rb7+ Kd6 43.Ra7 a1=Q 44.Rxa1 Bxa1
45.Bd4  1-0

[Event "Val Thorens Principal"]
[Site "Val Thorens"]
[Date "1993.??.??"]
[Round "8"]
[White "Ghobrial, A."]
[Black "Magnier, Herve"]
[Result "1/2-1/2"]
[WhiteElo "2295"]
[BlackElo "2215"]

1.d4 Nf6 2.c4 g6 3.Nc3 d5 4.cxd5 Nxd5 5.e4 Nxc3 6.bxc3 Bg7 7.Bc4 c5 8.Ne2 O-O
9.Be3 Nc6 10.Rc1 cxd4 11.cxd4 Qa5+ 12.Kf1 Bd7 13.h4 Rfc8 14.h5 Nd8 15.f4 Bb5
16.Bxb5 Qxb5 17.Kf2 Qb2 18.Qb3 Qxb3 19.axb3 Nc6 20.d5 Nb4 21.Rxc8+ Rxc8 22.Bxa7 Rc2
23.hxg6 hxg6 24.Rh3 f5 25.exf5 Nxd5 26.fxg6 Nxf4 27.Re3 Nxg6 28.Re6 Bf6 29.Re4 Rb2
30.b4 Ne5 31.Bc5 Nd3+ 32.Ke3  1/2-1/2

[Event "Villa Ballester op"]
[Site "Villa Ballester"]
[Date "1993.??.??"]
[Round "4"]
[White "Valerga, Diego"]
[Black "Bronstein, Luis"]
[Result "1/2-1/2"]
[WhiteElo "2325"]
[BlackElo "2425"]

1.d4 Nf6 2.c4 g6 3.Nc3 d5 4.cxd5 Nxd5 5.e4 Nxc3 6.bxc3 Bg7 7.Bc4 c5 8.Ne2 O-O
9.Be3 Nc6 10.Rc1 Na5 11.Bd3 e5 12.dxe5 c4 13.Bb1 Bxe5 14.O-O Nc6 15.Qe1  1/2-1/2

[Event "Voskresensk"]
[Site "Voskresensk"]
[Date "1993.??.??"]
[Round "?"]
[White "Gleizerov, Evgeny"]
[Black "Odeev, Handszar"]
[Result "1-0"]
[WhiteElo "2525"]
[BlackElo "2405"]

1.d4 Nf6 2.c4 g6 3.Nc3 d5 4.cxd5 Nxd5 5.e4 Nxc3 6.bxc3 Bg7 7.Bb5+ c6 8.Ba4 O-O
9.Ne2 e5 10.O-O Qe7 11.Qc2 Nd7 12.Bb3 Re8 13.f3 Nf8 14.Be3 Be6 15.Rad1 Bxb3
16.axb3 exd4 17.cxd4 f5 18.Ng3 Rad8 19.Bf2 Qb4 20.exf5 Bxd4 21.Ne4 Kf7 22.Bxd4 Rxd4
23.Rde1 Rdd8 24.Qb2 gxf5 25.Qf6+ Kg8 26.Qg5+ Kf7 27.Qxf5+ Kg7 28.Qf6+ Kg8
29.Qg5+ Kf7 30.Rd1 Qe7 31.Qf4+ Kg6 32.Qg3+  1-0

[Event "Warsaw op"]
[Site "Warsaw"]
[Date "1993.??.??"]
[Round "2"]
[White "Czerwonski, Aleksander"]
[Black "Mandecki, Marek"]
[Result "0-1"]
[WhiteElo "2370"]
[BlackElo "2235"]

1.d4 Nf6 2.c4 g6 3.Nc3 d5 4.cxd5 Nxd5 5.e4 Nxc3 6.bxc3 Bg7 7.Nf3 c5 8.Rb1 O-O
9.Be2 Nc6 10.d5 Bxc3+ 11.Bd2 Bxd2+ 12.Qxd2 Na5 13.h4 f6 14.h5 g5 15.Nxg5 fxg5
16.Qxg5+ Kh8 17.h6 Rf7 18.Qe5+ Rf6 19.Qc3 b6 20.e5 Rg6 21.Bd3 Qxd5 22.Bxg6 hxg6
23.O-O Nc6 24.Rfe1 Nd4 25.Rb2 Bf5 26.Qg3 Rf8 27.Qa3 Nc2 28.Rxc2 Bxc2 29.Qxa7 Qd4
30.Qxe7 Qxf2+ 31.Kh2 Qf4+ 32.Kg1 Qxh6 33.e6 Qf4 34.Re2 Ba4  0-1

[Event "Warsaw op"]
[Site "Warsaw"]
[Date "1993.??.??"]
[Round "2"]
[White "Wieczorek, Zbigniew"]
[Black "Malisauskas, Vidmantas"]
[Result "1/2-1/2"]
[WhiteElo "2270"]
[BlackElo "2570"]

1.d4 Nf6 2.c4 g6 3.Nc3 d5 4.cxd5 Nxd5 5.e4 Nxc3 6.bxc3 Bg7 7.Nf3 c5 8.Rb1 O-O
9.Be2 b6 10.O-O Bb7 11.Qd3 Ba6 12.Qe3 Qc8 13.Rb3 Bxe2 14.Qxe2 Qa6 15.Qxa6 Nxa6
16.Bf4 cxd4 17.cxd4 Rfc8 18.Rfb1 Nc7 19.d5 Na6 20.Ne5 Bxe5 21.Bxe5 Rc2 22.Ra3 Nb4
23.Kf1 Rxa2 24.Rxa2 Nxa2 25.Ke1 f6 26.Bd4 Rc8 27.Rb2 Rc4 28.Rxa2 Rxd4 29.f3 a5
30.Rb2 f5 31.exf5 gxf5 32.Rxb6 Rxd5 33.Re6 Kf7 34.Rh6 Re5+ 35.Kf2 Kg7 36.Ra6 f4
37.g3 fxg3+ 38.hxg3 h5 39.Kg2 Kf7 40.Kh3 Ke8 41.Ra7 Kd8 42.Kh4 Rb5 43.g4 hxg4
44.fxg4 Ke8 45.g5 Kf7 46.Kh5 Re5 47.Ra6 Kg7 48.Rg6+  1/2-1/2

[Event "Warsaw op"]
[Site "Warsaw"]
[Date "1993.??.??"]
[Round "5"]
[White "Dragomarezkij, Evgeni"]
[Black "Pevzner, Albert"]
[Result "1-0"]
[WhiteElo "2465"]
[BlackElo "2285"]

1.d4 Nf6 2.c4 g6 3.Nc3 d5 4.cxd5 Nxd5 5.e4 Nxc3 6.bxc3 Bg7 7.Bb5+ Bd7 8.Rb1 Bxb5
9.Rxb5 b6 10.Nf3 O-O 11.c4 Nc6 12.Be3 e5 13.dxe5 Qxd1+ 14.Kxd1 Rfe8 15.Ke2 Nxe5
16.Nxe5 Bxe5 17.Rd5 Bd6 18.f3 Re6 19.g4 Rae8 20.g5 Re5 21.h4 Rxd5 22.cxd5 b5
23.Kd3 Rd8 24.Rc1 a5 25.f4 a4 26.Rc6 Rd7 27.Ra6 Rd8 28.e5 Be7 29.Ke4 Rb8
30.Ra7 Kf8 31.Bd4 Bd8 32.d6 cxd6 33.exd6 Ke8 34.Kd5 Bb6 35.d7+ Ke7 36.Bf6+ Kf8
37.Ra6 Bd8 38.Rc6  1-0

[Event "Warsaw op"]
[Site "Warsaw"]
[Date "1993.??.??"]
[Round "6"]
[White "Myc, Marcin"]
[Black "Malisauskas, Vidmantas"]
[Result "0-1"]
[WhiteElo "2245"]
[BlackElo "2570"]

1.d4 Nf6 2.c4 g6 3.Nc3 d5 4.cxd5 Nxd5 5.e4 Nxc3 6.bxc3 Bg7 7.Nf3 c5 8.Rb1 O-O
9.Be2 b6 10.O-O Bb7 11.Qd3 Ba6 12.Qe3 Qc8 13.d5 Bxe2 14.Qxe2 Bxc3 15.e5 Rd8
16.Qc4 Qf5 17.Bb2 Bxb2 18.Rxb2 Nd7 19.Re2 Nf8 20.Rd1 Rac8 21.a4 Ne6 22.Rde1 Nf4
23.Rd2 Qg4 24.Qf1 Rxd5 25.Rxd5 Nxd5 26.e6 f6 27.Qa6 Rd8 28.h3 Qb4 29.Qxa7 c4
30.Rd1 c3 31.Qa6 c2 32.Rc1 Qb2 33.Qf1 Nf4  0-1

[Event "Wattens op"]
[Site "Wattens"]
[Date "1993.??.??"]
[Round "?"]
[White "Ferrari, Josef"]
[Black "Grab, Ratko"]
[Result "1-0"]
[WhiteElo "2065"]
[BlackElo "1960"]

1.d4 Nf6 2.c4 g6 3.Nc3 d5 4.cxd5 Nxd5 5.e4 Nxc3 6.bxc3 Bg7 7.Nf3 O-O 8.Be2 c5
9.O-O cxd4 10.cxd4 Nc6 11.Be3 Bg4 12.d5 Ne5 13.Nd4 Bxe2 14.Qxe2 Rc8 15.Rfc1 Qd7
16.h3 Rxc1+ 17.Rxc1 Rc8 18.Rc2 Rxc2 19.Qxc2 b5 20.Nc6 Nc4 21.Bxa7 e6 22.Bc5 exd5
23.Ne7+ Kh8 24.Nxd5 f5 25.f3 fxe4 26.Qxe4 Qc6 27.Bd4 h5 28.Bxg7+ Kxg7 29.Qe7+ Kh6
30.Qf8+  1-0

[Event "Wijk op"]
[Site "Wijk aan Zee"]
[Date "1993.??.??"]
[Round "4"]
[White "Christiansen, Larry Mark"]
[Black "Huzman, Alexander"]
[Result "0-1"]
[WhiteElo "2620"]
[BlackElo "2510"]

1.d4 Nf6 2.c4 g6 3.Nc3 d5 4.cxd5 Nxd5 5.e4 Nxc3 6.bxc3 Bg7 7.Bb5+ c6 8.Ba4 b5
9.Bb3 b4 10.Qf3 O-O 11.Ne2 bxc3 12.O-O Ba6 13.Bg5 Nd7 14.Rfd1 c2 15.Bxc2 c5
16.Nf4 Bxd4 17.Rab1 Ne5 18.Qg3 Qd6 19.Nd5 f6 20.Be3 e6 21.Nf4 Bc4 22.Rb7 Rf7
23.Rxf7 Kxf7 24.Bb3 Bxb3 25.axb3 Rd8 26.h4 Qb6 27.Bxd4 Rxd4 28.Re1 a5 29.h5 g5
30.Nh3 h6 31.Re3 c4 32.Kh2 cxb3 33.f4 gxf4 34.Qxf4 b2 35.Rg3 Qb8 36.Nf2 Qf8
37.Qe3 b1=Q 38.Qxd4 Qbb4 39.Qa7+ Qfe7 40.Qa8 Qf8 41.Qa7+ Qbe7 42.Qxa5 Qc5
43.Qd2 Qfd6  0-1

[Event "Zalaegerszeg"]
[Site "Zalaegerszeg"]
[Date "1993.??.??"]
[Round "10"]
[White "Baumegger, Siegfried"]
[Black "Kindl, Peter"]
[Result "0-1"]
[WhiteElo "2260"]
[BlackElo "2335"]

1.d4 Nf6 2.c4 g6 3.Nc3 d5 4.cxd5 Nxd5 5.e4 Nxc3 6.bxc3 Bg7 7.Be3 c5 8.Qd2 Qa5
9.Rb1 cxd4 10.cxd4 Qxd2+ 11.Kxd2 O-O 12.Nf3 e6 13.Bb5 b6 14.Rhc1 Bb7 15.Ng5 h6
16.Rc7 Ba6 17.Nf3 Bxb5 18.Rxb5 Na6 19.Rc3 Rfc8 20.Rxc8+ Rxc8 21.Kd3 Kf8 22.Bd2 Ke8
23.Rb3 Nc7 24.Bf4 g5 25.Bd6 Kd7 26.Be5 f6 27.Bxc7 Rxc7 28.Rc3 Rb7 29.g4 Bf8
30.d5 Bc5 31.Nd4 exd5 32.exd5 Kd6 33.Nf5+ Kxd5 34.f3 Rh7 35.Ng3 Bd6 36.Ne4 Be5
37.Rc8 h5 38.h3 hxg4 39.hxg4 Rh3 40.Nd2 Bf4 41.Rd8+ Kc6 42.Rf8 Be5 43.a4 a6
44.Ke4 b5 45.axb5+ axb5 46.Kd3 Kd5 47.Rf7 b4 48.Rb7 Bc3 49.Rb5+ Ke6 50.Rb6+ Kf7
51.Ke3 Bxd2+ 52.Kxd2 Rxf3 53.Rxb4 Ke6 54.Re4+ Kd5 55.Re1 Rg3 56.Rf1 Ke5 57.Re1+ Kf4
58.Re6 Kxg4 59.Rxf6 Rf3 60.Rg6 Kh4 61.Ke2 g4 62.Rg8 Kh3 63.Rh8+ Kg2 64.Rg8 g3
65.Rh8 Rf7 66.Re8 Kh1 67.Rh8+ Kg1 68.Re8 g2 69.Rh8 Re7+ 70.Kd3 Re5 71.Kd4 Rg5  0-1

[Event "Zaragoza op"]
[Site "Zaragoza"]
[Date "1993.??.??"]
[Round "?"]
[White "Vyzmanavin, Alexey"]
[Black "Sanchez Almeyra, Jorge"]
[Result "1-0"]
[WhiteElo "2605"]
[BlackElo "2435"]

1.d4 Nf6 2.c4 g6 3.Nc3 d5 4.cxd5 Nxd5 5.e4 Nxc3 6.bxc3 Bg7 7.Bb5+ c6 8.Ba4 O-O
9.Ne2 e5 10.O-O Re8 11.Qc2 Qe7 12.f3 Nd7 13.Bb3 Nb6 14.a4 Be6 15.a5 Bxb3
16.Qxb3 Nc8 17.Ba3 Qc7 18.Kh1 b5 19.axb6 axb6 20.Rad1 Qa7 21.Ra1 Qa6 22.c4 exd4
23.Bb2 Qb7 24.Rxa8 Qxa8 25.Nxd4 Nd6 26.Rc1 Rd8 27.Ne2 Bxb2 28.Qxb2 Qa5 29.Qf6 Nb7
30.Qxc6 Qd2 31.Rg1 Na5 32.Qxb6 Nxc4 33.Qc7 Ne3 34.Nf4 Ra8 35.h3 Qf2 36.Qc3 Ra2
37.Rb1 Ra8 38.Qe5 Nf1 39.Nd5 Ng3+ 40.Kh2 Nf1+ 41.Rxf1 Qxf1 42.Ne7+ Kf8 43.Nxg6+ hxg6
44.Qh8+ Ke7 45.Qxa8  1-0

[Event "Zuerich op"]
[Site "Zuerich"]
[Date "1993.??.??"]
[Round "?"]
[White "Giertz, Niklaus"]
[Black "Haas, Carmi"]
[Result "1/2-1/2"]
[WhiteElo "2245"]
[BlackElo "2235"]

1.d4 Nf6 2.c4 g6 3.Nc3 d5 4.cxd5 Nxd5 5.e4 Nxc3 6.bxc3 Bg7 7.Nf3 c5 8.Be3 O-O
9.Rc1 cxd4 10.cxd4 Qa5+ 11.Qd2 Qxd2+ 12.Nxd2 Nc6 13.Nb3 Rd8 14.d5 Ne5 15.h3 f5
16.f4 Nf7 17.e5 Rxd5 18.Bc4 Rd8 19.Nd4 b6 20.Ne6 Bxe6 21.Bxe6 Kf8 22.Kf2 a5
23.Rb1 Rdb8 24.Rxb6 a4 25.Rc1 Rxb6 26.Bxb6 g5 27.g3 gxf4 28.gxf4 Bh6 29.Be3 Ra5
30.Bxf5 Nxe5 31.Bxh7 Nd7 32.Be4 Nf6 33.Bf3 Rb5 34.Rc2 Nd5 35.Bxd5 Rxd5 36.Rc8+ Kf7
37.Ra8 Rh5 38.Rxa4 Rxh3 39.Ra6 e5 40.Ra7+ Ke8 41.Ra8+ Kd7 42.Ra7+ Ke8 43.Rh7 Rh2+
44.Kf3 Bxf4 45.Rxh2 Bxh2 46.Kg2 Bf4  1/2-1/2

[Event "Alcobendas op"]
[Site "Alcobendas"]
[Date "1994.??.??"]
[Round "3"]
[White "San Segundo, Pablo"]
[Black "Khenkin, Igor"]
[Result "1-0"]
[WhiteElo "2485"]
[BlackElo "2580"]

1.d4 Nf6 2.c4 g6 3.Nc3 d5 4.cxd5 Nxd5 5.e4 Nxc3 6.bxc3 Bg7 7.Bb5+ c6 8.Ba4 b5
9.Bb3 b4 10.Qf3 O-O 11.Ne2 a5 12.cxb4 Bxd4 13.Rb1 Bg7 14.bxa5 Ba6 15.Bf4 Qxa5+
16.Bd2 Qb5 17.Qe3 e6 18.a4 Qh5 19.Bd1 Rd8 20.Nc3 Qh4 21.Be2 Bd4 22.Qg3 Qxg3
23.hxg3 Nd7 24.Bxa6 Rxa6 25.Ke2 Nc5 26.Rb4 Nd3 27.Rc4 Nxf2 28.Rh4 h5 29.Bg5 Rd7
30.Rxd4 Rxd4 31.Kxf2 Kg7 32.e5 Rxh4 33.gxh4 Kf8 34.Ke3 Ke8 35.Kd4 Ra5 36.Bf4 Kd7
37.Kc4 Kc7 38.Kb4 Ra8 39.Be3 Rb8+ 40.Kc4 Rb2 41.g3 Rg2 42.Ne4 Re2 43.Kd3 Ra2
44.Nc3 Ra1 45.Bd4 Kb7 46.Ne4 Ra2 47.Bc3 Kb6 48.a5+ Kb5 49.Nd6+ Kc5 50.Nxf7 Rg2
51.Be1 Kd5 52.Nd6 c5 53.Nc4 Kc6 54.Nd2 Kb5 55.Ke3 c4 56.Kf3 Rh2 57.a6 Kxa6
58.Nxc4 Kb5 59.Nd2 Kc5 60.Bf2+ Kd5 61.Nf1 Rxf2+ 62.Kxf2 Kxe5 63.Kf3 Kd4 64.Kf4  1-0

[Event "UKR-chT"]
[Site "Alushta"]
[Date "1994.??.??"]
[Round "?"]
[White "Shneider, Aleksandr"]
[Black "Piankov, Evgenij"]
[Result "1-0"]
[WhiteElo "2570"]
[BlackElo "2440"]

1.d4 Nf6 2.c4 g6 3.Nc3 d5 4.cxd5 Nxd5 5.e4 Nxc3 6.bxc3 Bg7 7.Nf3 O-O 8.Be2 c5
9.Rb1 cxd4 10.cxd4 Qa5+ 11.Bd2 Qxa2 12.O-O a5 13.Bg5 Qe6 14.e5 f6 15.Be3 Qf5
16.Nh4 Qd7 17.Bc4+ Kh8 18.f4 Nc6 19.f5 g5 20.e6 Qe8 21.Nf3 Nb4 22.Qe2 Qd8
23.Bd2 Nc2 24.Qd3 g4 25.Qxc2 gxf3 26.Rxf3 Qxd4+ 27.Be3 Qe5 28.Rb5 Qc7 29.Qe4 Rd8
30.Rh3 Rd1+ 31.Kf2 Qd8 32.Be2 Rd6 33.Qh4 Qg8 34.Bh5 Qf8 35.Bf7 h6 36.Bxh6 Bxh6
37.Qxh6+ Qxh6 38.Rxh6+ Kg7 39.Rg6+ Kh7 40.Rb3  1-0

[Event "Alushta4"]
[Site "Alushta"]
[Date "1994.??.??"]
[Round "1"]
[White "Nenashev, Alexander"]
[Black "Adorjan, Andras"]
[Result "1/2-1/2"]
[WhiteElo "2575"]
[BlackElo "2565"]

1.d4 Nf6 2.c4 g6 3.Nc3 d5 4.cxd5 Nxd5 5.e4 Nxc3 6.bxc3 Bg7 7.Bc4 c5 8.Ne2 Nc6
9.Be3 O-O 10.O-O Qc7 11.Rc1 Rd8 12.Bf4 Qd7 13.d5 Ne5 14.Bxe5 Bxe5 15.f4 Bg7
16.a4 Qc7 17.Qb3 Rb8 18.Rb1 Kh8 19.Ng3 Bd7 20.e5 a6 21.Qb6 Qxb6 22.Rxb6 Bxa4
23.Ne4 f6 24.d6 fxe5 25.fxe5 exd6 26.Nxd6 Rd7 27.Nf7+ Kg8 28.Nd6+ Kh8 29.Bxa6 Re7
30.Nf7+ Kg8 31.Bc4 Be8 32.Nd6+ Kh8 33.e6 Bxc3 34.Rf8+ Kg7 35.Rxe8 Rbxe8 36.Nxe8+ Rxe8
37.Rxb7+ Kh6 38.g3 Bf6 39.Rf7 Bd8 40.h4 Re7 41.Rf8 Bc7 42.Kg2 Kg7 43.Rc8 Kf6
44.Rf8+ Ke5 45.Rf4 Bd6 46.Kf3  1/2-1/2

[Event "Alushta4"]
[Site "Alushta"]
[Date "1994.??.??"]
[Round "3"]
[White "Vyzmanavin, Alexey"]
[Black "Adorjan, Andras"]
[Result "1/2-1/2"]
[WhiteElo "2610"]
[BlackElo "2565"]

1.d4 Nf6 2.c4 g6 3.Nc3 d5 4.cxd5 Nxd5 5.e4 Nxc3 6.bxc3 Bg7 7.Bc4 O-O 8.Ne2 c5
9.O-O Nc6 10.Be3 Qc7 11.Rc1 Rd8 12.Bf4 Qd7 13.d5 Ne5 14.Bxe5 Bxe5 15.f4 Bg7
16.Qb3 Rb8 17.a4 Qc7 18.Rb1 Bd7 19.e5 Kh8 20.Ng3 a6 21.Qb6 Qxb6 22.Rxb6 f6
23.e6 Bxa4 24.f5 Bh6 25.Rfb1 Be3+ 26.Kf1 Bf4 27.Kf2 Bc2 28.R1b2 Bxf5 29.Rxb7 a5
30.R2b5 Rxb7  1/2-1/2

[Event "Alushta3"]
[Site "Alushta"]
[Date "1994.??.??"]
[Round "4"]
[White "Korotylev, Alexey"]
[Black "Beshukov, Sergei"]
[Result "0-1"]
[WhiteElo "2415"]
[BlackElo "2480"]

1.d4 Nf6 2.c4 g6 3.Nc3 d5 4.cxd5 Nxd5 5.e4 Nxc3 6.bxc3 Bg7 7.Bb5+ c6 8.Ba4 O-O
9.Ne2 Nd7 10.O-O e5 11.Bb3 Qe7 12.Qc2 Re8 13.f3 b6 14.Be3 Ba6 15.Rfd1 Rac8
16.Qd2 c5 17.d5 c4 18.Ba4 Red8 19.Bxd7 Qxd7 20.a4 Bf8 21.Ng3 f6 22.f4 exf4
23.Bxf4 Rc5 24.Rf1 Ra5 25.Be3 Bg7 26.Bd4 Rf8 27.Rf3 Rxa4 28.Raf1 Qc7 29.e5 fxe5
30.d6 Qxd6 31.Rxf8+ Bxf8 32.Ne4 Qd8 33.Nf6+ Kh8 34.Bxe5 Bc5+ 35.Bd4 Bxd4+
36.cxd4 c3 37.Qxc3 Qxd4+ 38.Qxd4 Rxd4 39.Ra1 Bb5 40.h3 Kg7 41.Ng4 a5 42.Re1 a4
43.Re7+ Kf8 44.Ra7 Rd7 45.Ra8+ Ke7 46.Ne5 Rc7 47.Nf3 Bc6  0-1

[Event "Bahn-chG"]
[Site "Bad Laasphe"]
[Date "1994.??.??"]
[Round "5"]
[White "Baumgarten, Werner"]
[Black "Boeing, Franz Josef"]
[Result "1-0"]
[WhiteElo "1930"]
[BlackElo "1710"]

1.d4 Nf6 2.c4 g6 3.Nc3 d5 4.cxd5 Nxd5 5.e4 Nxc3 6.bxc3 Bg7 7.Bc4 c5 8.Ne2 O-O
9.O-O cxd4 10.cxd4 Nc6 11.Be3 Na5 12.Bd3 b6 13.Rc1 Bb7 14.Qa4 Qd6 15.Rc3 Rfc8
16.Rfc1 Rxc3 17.Rxc3 Rd8 18.e5 Qd7 19.Qxd7 Rxd7 20.Bb5 Rd8 21.f4 a6 22.Bd3 b5
23.Rc7 Bd5 24.a3 Nc6 25.Nc3 Na5 26.Nxd5 Rxd5 27.Rc8+ Bf8 28.f5  1-0

[Event "Badenweiler op"]
[Site "Badenweiler"]
[Date "1994.??.??"]
[Round "7"]
[White "Kniest, Oliver"]
[Black "Solomunovic, Igor"]
[Result "0-1"]
[WhiteElo "2165"]
[BlackElo "2330"]

1.d4 Nf6 2.c4 g6 3.Nc3 d5 4.cxd5 Nxd5 5.e4 Nxc3 6.bxc3 Bg7 7.Bc4 c5 8.Ne2 O-O
9.Be3 cxd4 10.cxd4 Nc6 11.Rc1 Na5 12.Bd3 b6 13.Qd2 e6 14.Bh6 Qe7 15.h4 Bb7
16.Bxg7 Kxg7 17.h5 Rfc8 18.hxg6 Rxc1+ 19.Qxc1 fxg6 20.Qh6+ Kg8 21.Nf4 Rd8
22.Nxe6 Rd7 23.d5 Bxd5 24.exd5 Rxd5 25.Qe3 Qf6 26.Be4 Nc4 27.Qh3 Rh5  0-1

[Event "Balatonbereny op"]
[Site "Balatonbereny"]
[Date "1994.??.??"]
[Round "1"]
[White "Gyimesi, Zoltan"]
[Black "Ladanyi, Tibor"]
[Result "1/2-1/2"]
[WhiteElo "2430"]
[BlackElo "2130"]

1.d4 Nf6 2.c4 g6 3.Nc3 d5 4.cxd5 Nxd5 5.e4 Nxc3 6.bxc3 Bg7 7.Bb5+ c6 8.Ba4 O-O
9.Ne2 b5 10.Bb3 Bb7 11.O-O c5 12.f3 b4 13.Be3 bxc3 14.dxc5 Qa5 15.Rb1 Na6
16.Qd7 Nxc5 17.Qxe7 Nxb3 18.Qxb7 Rfb8 19.Qc6 Rc8 20.Qd5 Qxd5 21.exd5 Nd2
22.Bxd2 cxd2 23.Rfd1 Rc2 24.Rb3 Rxa2 25.Rd3 Kf8 26.d6 Rd8 27.f4 f5 28.Kf2 Rd7
29.Ng1 Kf7 30.Nf3 Bf6 31.Nxd2 a5 32.Kf3 Ra4 33.Nb3 Ra3  1/2-1/2

[Event "Balatonbereny op"]
[Site "Balatonbereny"]
[Date "1994.??.??"]
[Round "3"]
[White "Gyimesi, Zoltan"]
[Black "Mohandesi, Shahin"]
[Result "1-0"]
[WhiteElo "2430"]
[BlackElo "2320"]

1.d4 Nf6 2.c4 g6 3.Nc3 d5 4.cxd5 Nxd5 5.e4 Nxc3 6.bxc3 Bg7 7.Bb5+ c6 8.Ba4 O-O
9.Ne2 e5 10.O-O Nd7 11.Bb3 b6 12.Ba3 c5 13.dxc5 Nxc5 14.Bxc5 bxc5 15.Bd5 Rb8
16.Rb1 Rb6 17.Rxb6 axb6 18.Qb3 Ba6 19.c4 Qc7 20.Rb1 Rb8 21.Nc3 Bf6 22.Qa4 Bc8
23.Qe8+ Kg7 24.Nb5 Qe7 25.Qxe7 Bxe7 26.a4 Kf8 27.Na7 Bd6 28.Nxc8 Rxc8 29.Rxb6 Rb8
30.Rxb8+ Bxb8 31.a5 f6 32.g3 Ke7 33.Kg2 Bc7 34.a6 Bb8 35.Kh3 h6 36.Kg4 Kf8
37.h4 Ba7 38.h5 Kg7 39.Bc6 gxh5+ 40.Kf5 Kf7 41.Bd5+ Ke7 42.Kg6 Bb8 43.Kxh5 Ba7
44.Kxh6 Bb8 45.Kg6 Ba7 46.Kf5 Bb8 47.g4 Ba7 48.g5 fxg5 49.Kxe5  1-0

[Event "Balatonbereny op"]
[Site "Balatonbereny"]
[Date "1994.??.??"]
[Round "3"]
[White "Gleizerov, Evgeny"]
[Black "Ruck, Robert"]
[Result "1/2-1/2"]
[WhiteElo "2520"]
[BlackElo "2435"]

1.d4 Nf6 2.c4 g6 3.Nc3 d5 4.cxd5 Nxd5 5.e4 Nxc3 6.bxc3 Bg7 7.Bb5+ Bd7 8.Be2 c5
9.Nf3 Bg4 10.Rb1 Qc7 11.O-O O-O 12.Be3 Nd7 13.Qb3 Rab8 14.a4 a6 15.Qa3 Qa5
16.h3 Bxf3 17.Bxf3 b5 18.Rfc1 Qxa4 19.Qxa4 bxa4 20.Bd1 a3 21.Ra1 cxd4 22.cxd4 Rb4
23.e5 Nb6 24.Rxa3 Nc4 25.Rxa6 Nxe3 26.fxe3 Bh6 27.Kf2 Rxd4 28.exd4  1/2-1/2

[Event "Balatonbereny op"]
[Site "Balatonbereny"]
[Date "1994.??.??"]
[Round "7"]
[White "Gleizerov, Evgeny"]
[Black "Yandemirov, Valeri"]
[Result "1/2-1/2"]
[WhiteElo "2520"]
[BlackElo "2535"]

1.d4 Nf6 2.c4 g6 3.Nc3 d5 4.cxd5 Nxd5 5.e4 Nxc3 6.bxc3 Bg7 7.Bb5+ Nc6 8.Ne2 O-O
9.O-O Na5 10.Ba3 c6 11.Bd3 b6 12.Qc2  1/2-1/2